| 000 | 00674nam a2200229 a 4500 | ||
|---|---|---|---|
| 005 | 20240424063753.0 | ||
| 008 | 991125s1991 mx 000 0 spa u | ||
| 020 | _a9682938171 | ||
| 035 | _aUPN01000058472 | ||
| 049 | _aI | ||
| 050 | 4 | _aPZ45 V4.468 | |
| 100 | 1 | _aVentura, Piero | |
| 245 | 1 | 4 |
_aLos viajes de Cook / _cGian Paolo Ceserani ; tr. Isabel Vericat |
| 260 |
_aMéxico : _bSEP, _c1991 |
||
| 300 |
_a43 p. : _bil. |
||
| 534 | _aTraducción de:$t I Viaggi di Cook | ||
| 600 | 1 | 4 |
_aCOOK, JAMES, _d1728-1779 _912374 |
| 650 | 4 |
_aExploradores _910041 |
|
| 650 | 0 |
_aViajes y travesías _911045 |
|
| 700 | 2 |
_aCeserani, Gian Paolo, _d1939-, _ecoaut. |
|
| 905 | _aInfantil | ||
| 999 |
_c58472 _d58472 |
||